| 000 | 00600nam a2200217 a 4500 | ||
|---|---|---|---|
| 005 | 20210219153156.0 | ||
| 008 | 991125n 000 0 eng u | ||
| 035 | _aUPN01000082046 | ||
| 100 | _aHodges, J. L. | ||
| 222 | _aJOURNAL OF EDUCATIONAL STATISTICS | ||
| 245 | _aImproved significance probabilities of the Wilcoxon test | ||
| 300 | _a249-265 | ||
| 362 | _a1990 15, no. 3 | ||
| 653 | 0 | _aMODELOS MATEMATICOS | |
| 653 | 0 | _aPROBABILIDAD | |
| 653 | 0 | _aSIGNIFICADO ESTADISTICO | |
| 700 | _aRamsey, Philip H. | ||
| 700 | _aWechsler, Sergio | ||
| 904 |
_aAC _b019857 |
||
| 905 | _aArticulo | ||
| 999 |
_c70242 _d70242 |
||